[Event "RA Fall op"]
[Site "Ottawa CAN"]
[Date "2022.09.25"]
[Round "4"]
[White "Cortes Orihuela, Javier"]
[Black "Latorre, Vincent"]
[Result "1-0"]
[WhiteElo "2253"]
[BlackElo "2153"]
[PlyCount "75"]
[EventDate "2022.09.23"]
[EventType "swiss"]
[EventRounds "5"]
[EventCountry "CAN"]

1. d4 Nf6 2. c4 e6 3. g3 d5 4. Nf3 Bb4+ 5. Bd2 a5 6. Bg2 O-O 7. O-O dxc4 8. Qc2
Bxd2 9. Nbxd2 b5 10. b3 cxb3 11. axb3 Bb7 12. Rfc1 c6 13. e4 Ba6 14. Qc3 b4 15.
Qe3 Bb5 16. Ne5 Nfd7 17. Nec4 Qc7 18. e5 Bxc4 19. Nxc4 Nb6 20. Nd6 Nd5 21. Bxd5
exd5 22. Nf5 Qd7 23. g4 h6 24. Rc5 a4 25. bxa4 Na6 26. Rxc6 Rfe8 27. Rac1 Re6
28. Nd6 Ra7 29. h3 h5 30. g5 Nc7 31. f4 f6 32. f5 Re7 33. gxf6 gxf6 34. Kh1 Ne8
35. Rg1+ Kh7 36. Rg6 Rg7 37. Qh6+ Kg8 38. Rc8 1-0

[Event "RA Fall op"]
[Site "Ottawa CAN"]
[Date "2022.09.24"]
[Round "4"]
[White "Guo, Anni"]
[Black "Gordon, David"]
[Result "0-1"]
[WhiteElo "1888"]
[BlackElo "2263"]
[PlyCount "74"]
[EventDate "2022.09.23"]
[EventType "swiss"]
[EventRounds "5"]
[EventCountry "CAN"]

1. e4 c5 2. Nf3 Nc6 3. d4 cxd4 4. Nxd4 e5 5. Nb3 Nf6 6. f3 d5 7. Bg5 Be6 8.
Bxf6 gxf6 9. exd5 Bxd5 10. Nc3 Bb4 11. Qd3 Bxc3+ 12. Qxc3 Rc8 13. Qd2 Bxb3 14.
cxb3 Qxd2+ 15. Kxd2 Ke7 16. Bc4 Nd4 17. Rhf1 Rhd8 18. Bd3 Ne6 19. Rac1 Rxc1 20.
Rxc1 Nf4 21. Rc3 f5 22. g3 Nxd3 23. Rxd3 Rxd3+ 24. Kxd3 Kd6 25. h3 Kd5 26. Ke3
e4 27. g4 exf3 28. Kxf3 fxg4+ 29. hxg4 Ke5 30. b4 f5 31. a4 fxg4+ 32. Kxg4 Kd4
33. b5 Kc4 34. Kf5 Kb4 35. b3 Kxb3 36. a5 Kb4 37. a6 b6 0-1

[Event "RA Fall op"]
[Site "Ottawa CAN"]
[Date "2022.09.24"]
[Round "4"]
[White "Han, Johnathan"]
[Black "Qin, Joey"]
[Result "0-1"]
[WhiteElo "2243"]
[BlackElo "2492"]
[PlyCount "80"]
[EventDate "2022.09.23"]
[EventType "swiss"]
[EventRounds "5"]
[EventCountry "CAN"]

1. e4 c5 2. Nf3 d6 3. d4 cxd4 4. Nxd4 Nf6 5. Nc3 a6 6. Bg5 e6 7. f4 Be7 8. Qf3
Qc7 9. O-O-O Nbd7 10. f5 e5 11. Nde2 b5 12. Bxf6 Nxf6 13. Nd5 Nxd5 14. exd5 Bd7
15. Ng3 O-O 16. Ne4 f6 17. Kb1 a5 18. c3 Bd8 19. g4 Qb8 20. h4 Bb6 21. Bh3 Ra7
22. g5 Kh8 23. Rhf1 b4 24. c4 Bd4 25. Qg3 Qb6 26. Rd2 Bc8 27. Rg2 Ba6 28. gxf6
gxf6 29. Nxf6 Qd8 30. Nh5 Bxc4 31. f6 Bxf1 32. Be6 e4 33. Rg1 Be2 34. Nf4 Bxg1
35. Qxg1 Qxf6 36. Nxe2 Qf1+ 37. Qxf1 Rxf1+ 38. Kc2 Rf2 39. Kd2 Kg7 40. Ke3
Rxe2+ 0-1

[Event "RA Fall op"]
[Site "Ottawa CAN"]
[Date "2022.09.24"]
[Round "4"]
[White "Rusonik, Max"]
[Black "Van Rooy, Jake"]
[Result "1-0"]
[WhiteElo "2279"]
[BlackElo "2038"]
[PlyCount "65"]
[EventDate "2022.09.23"]
[EventType "swiss"]
[EventRounds "5"]
[EventCountry "CAN"]

1. e4 c5 2. Nf3 g6 3. d4 cxd4 4. Nxd4 Bg7 5. c4 Nc6 6. Be3 Nf6 7. Nc3 Ng4 8.
Qxg4 Bxd4 9. Bxd4 Nxd4 10. O-O-O e5 11. Qg3 d6 12. f4 f6 13. f5 Kf7 14. Bd3 g5
15. h4 h6 16. hxg5 hxg5 17. Rh3 Bd7 18. Rdh1 Rxh3 19. Qxh3 Qf8 20. Qh5+ Ke7 21.
Nd5+ Kd8 22. Qh7 Nc6 23. Qh8 Qxh8 24. Rxh8+ Be8 25. Bc2 Rc8 26. Ba4 a6 27. Nxf6
Ke7 28. Rxe8+ Rxe8 29. Nxe8 Kxe8 30. Kd2 Kd7 31. Bxc6+ Kxc6 32. Kc3 b5 33. b3
1-0

[Event "RA Fall op"]
[Site "Ottawa CAN"]
[Date "2022.09.24"]
[Round "4"]
[White "Xu, Daniel"]
[Black "Adam, Rafael"]
[Result "1-0"]
[WhiteElo "2241"]
[BlackElo "2138"]
[PlyCount "107"]
[EventDate "2022.09.23"]
[EventType "swiss"]
[EventRounds "5"]
[EventCountry "CAN"]

1. e4 e5 2. Nf3 Nc6 3. Bb5 a6 4. Ba4 Nf6 5. O-O Nxe4 6. d4 b5 7. Bb3 d5 8. dxe5
Be6 9. Nbd2 Nc5 10. c3 d4 11. Bxe6 Nxe6 12. cxd4 Ncxd4 13. a4 Be7 14. Nxd4 Nxd4
15. Qg4 Ne6 16. Ne4 Qd5 17. axb5 Qxe5 18. Nc3 a5 19. Be3 O-O 20. Rfe1 Bd6 21.
g3 Bc5 22. Bxc5 Qxc5 23. Ra4 Rfd8 24. Rea1 Rd4 25. Qf3 Rad8 26. Rxa5 Qb4 27.
Ra8 Qxb2 28. Rxd8+ Rxd8 29. Ra8 Qc1+ 30. Kg2 Qd2 31. Qc6 h6 32. Nd5 Rxa8 33.
Qxa8+ Kh7 34. Qc6 Qg5 35. Nxc7 Nxc7 36. Qxc7 Qd5+ 37. f3 Qxb5 38. Qxf7 Qe2+ 39.
Kh3 Qc2 40. Qe6 Qf2 41. f4 Qf3 42. Kh4 Qf2 43. Qe4+ Kh8 44. h3 Qb6 45. Qf5 Qf2
46. Qg4 Qb6 47. Kh5 Qb5+ 48. f5 Qe5 49. Qg6 Qd5 50. g4 Qe5 51. h4 Qb5 52. Qe6
Qc5 53. Kg6 Qd4 54. Qe8# 1-0

[Event "RA Fall op"]
[Site "Ottawa CAN"]
[Date "2022.09.25"]
[Round "4.1"]
[White "Chiku-Ratte, Olivier-Kenta"]
[Black "Rodrigue-Lemieux, Shawn"]
[Result "0-1"]
[WhiteElo "2458"]
[BlackElo "2543"]
[PlyCount "136"]
[EventDate "2022.09.23"]
[EventType "swiss"]
[EventRounds "5"]
[EventCountry "CAN"]

1. d4 d5 2. c4 e6 3. Nc3 Bb4 4. a3 Bxc3+ 5. bxc3 Nf6 6. cxd5 exd5 7. e3 Bf5 8.
f3 O-O 9. Ne2 h5 10. Nf4 c5 11. Bd3 Qc8 12. Bxf5 Qxf5 13. Qd3 Qxd3 14. Nxd3
Nbd7 15. Rb1 b6 16. Kf2 Rac8 17. Bd2 Ne8 18. Nf4 Ndf6 19. dxc5 bxc5 20. c4 dxc4
21. Bc3 g5 22. Ne2 Nd5 23. Rhd1 Nec7 24. Ba5 Rfe8 25. e4 Nb6 26. Ng3 h4 27. Nf5
Rcd8 28. Nd6 Re6 29. Bxb6 axb6 30. Nxc4 Rxd1 31. Rxd1 b5 32. Rd7 Na6 33. Nd6 b4
34. axb4 cxb4 35. Rd8+ Kg7 36. Nf5+ Kf6 37. Nd4 Rb6 38. Nb3 Rc6 39. Nd4 Rb6 40.
Nb3 Nc7 41. Rc8 Rc6 42. Nd4 Rc3 43. Rb8 Rc4 44. Rb6+ Ne6 45. Nxe6 fxe6 46. Rb5
Rc2+ 47. Ke3 Rxg2 48. Rxb4 Rxh2 49. Rb8 Ra2 50. Rh8 Kg7 51. Rh5 Kg6 52. Rh8 Kf6
53. Kd3 Ke5 54. Ke3 Rg2 55. Rh6 Rg3 56. Rg6 g4 57. Rxg4 Rxg4 58. fxg4 h3 59.
Kf3 h2 60. Kg2 Kf4 61. Kxh2 Kxg4 62. Kg2 Kf4 63. e5 Kxe5 64. Kf2 Ke4 65. Ke2 e5
66. Kf2 Kd3 67. Kf1 Kd2 68. Kf2 e4 0-1

[Event "RA Fall op"]
[Site "Ottawa CAN"]
[Date "2022.09.25"]
[Round "4.2"]
[White "Liang, Jason"]
[Black "Sambuev, Bator"]
[Result "1/2-1/2"]
[WhiteElo "2515"]
[BlackElo "2524"]
[PlyCount "93"]
[EventDate "2022.09.23"]
[EventType "swiss"]
[EventRounds "5"]
[EventCountry "CAN"]

1. e4 c5 2. Nf3 d6 3. Bb5+ Bd7 4. Bxd7+ Qxd7 5. c4 Nc6 6. Nc3 Nf6 7. d4 cxd4 8.
Nxd4 e6 9. O-O Be7 10. Be3 O-O 11. Qe2 a6 12. Rad1 Nxd4 13. Bxd4 Qc6 14. b3 e5
15. Nd5 Nxd5 16. exd5 Qd7 17. Be3 f5 18. f3 Rfc8 19. Qd3 a5 20. Rc1 Ra6 21.
Rfd1 Bd8 22. c5 dxc5 23. Rxc5 Rd6 24. a4 b6 25. Rxc8 Qxc8 26. Qc4 Qxc4 27. bxc4
Kf7 28. Re1 Rd7 29. Bf2 Bc7 30. Kf1 Rd8 31. Rb1 Rc8 32. c5 bxc5 33. Bxc5 Bd8
34. Rb5 e4 35. Ke2 exf3+ 36. gxf3 g5 37. Kd3 h5 38. Bd6 g4 39. Rb7+ Kg6 40.
fxg4 fxg4 41. Be5 Kf5 42. Kd4 Rc1 43. Rf7+ Kg6 44. Rg7+ Kf5 45. Rf7+ Kg6 46.
Rg7+ Kf5 47. d6 1/2-1/2

[Event "RA Fall op"]
[Site "Ottawa CAN"]
[Date "2022.09.25"]
[Round "5"]
[White "Adam, Rafael"]
[Black "Kellar, Ben"]
[Result "0-1"]
[WhiteElo "2138"]
[BlackElo "2040"]
[PlyCount "94"]
[EventDate "2022.09.23"]
[EventType "swiss"]
[EventRounds "5"]
[EventCountry "CAN"]

1. d4 d5 2. c4 c6 3. Nf3 Nf6 4. e3 Bf5 5. Nc3 e6 6. Nh4 Be4 7. f3 Bg6 8. Qb3
Qc7 9. Bd2 Be7 10. Nxg6 hxg6 11. O-O-O Nbd7 12. cxd5 exd5 13. Kb1 Bd6 14. h3
Nh5 15. Bd3 O-O 16. g4 Ng3 17. Rhg1 b5 18. Bxb5 Rab8 19. Qc2 cxb5 20. Nxd5
Qxc2+ 21. Kxc2 f5 22. Be1 f4 23. h4 Nb6 24. Nxb6 Rxb6 25. Kd3 Re8 26. Bf2 Ra6
27. Ra1 Ra4 28. b3 Ra6 29. e4 Be7 30. g5 Nh5 31. Rgc1 Ba3 32. Rc7 Kf8 33. d5
Re7 34. Rc8+ Kf7 35. Bd4 Bd6 36. Re1 Rc7 37. Rd8 Be7 38. Rb8 Rxa2 39. e5 Bb4
40. d6 Rd2+ 41. Ke4 Ng3+ 42. Kxf4 Rxd4+ 43. Ke3 Nf5+ 44. Ke2 Rd2+ 45. Kf1 Ng3+
46. Kg1 Bc5+ 47. Re3 Bxe3# 0-1

[Event "RA Fall op"]
[Site "Ottawa CAN"]
[Date "2022.09.25"]
[Round "5"]
[White "Gordon, David"]
[Black "Xu, Daniel"]
[Result "1-0"]
[WhiteElo "2263"]
[BlackElo "2241"]
[PlyCount "73"]
[EventDate "2022.09.23"]
[EventType "swiss"]
[EventRounds "5"]
[EventCountry "CAN"]

1. c4 Nf6 2. g3 g6 3. Bg2 Bg7 4. Nc3 O-O 5. e4 d6 6. Nge2 c5 7. O-O Nc6 8. d3
a6 9. h3 Rb8 10. a4 Ne8 11. Be3 e5 12. f4 f5 13. fxe5 Nxe5 14. exf5 Rxf5 15.
Nf4 Nc7 16. g4 Rf8 17. Ncd5 Nxd5 18. Bxd5+ Kh8 19. d4 cxd4 20. Bxd4 Qh4 21. Kg2
Bd7 22. Qe1 Qg5 23. Qg3 Rbc8 24. b3 b5 25. axb5 axb5 26. Ra7 Qd8 27. c5 Qe8 28.
cxd6 Rc2+ 29. Rf2 Rxf2+ 30. Bxf2 Bc6 31. Re7 Qa8 32. Rxe5 Rxf4 33. Qxf4 Bxd5+
34. Kg3 Bh1 35. d7 Qg2+ 36. Kh4 g5+ 37. Rxg5 1-0

[Event "RA Fall op"]
[Site "Ottawa CAN"]
[Date "2022.09.25"]
[Round "5"]
[White "Hansen, Troy"]
[Black "Han, Johnathan"]
[Result "0-1"]
[WhiteElo "1973"]
[BlackElo "2243"]
[PlyCount "66"]
[EventDate "2022.09.23"]
[EventType "swiss"]
[EventRounds "5"]
[EventCountry "CAN"]

1. e4 c5 2. Nf3 d6 3. c3 Nf6 4. Be2 Nbd7 5. Qc2 Qc7 6. O-O g6 7. a4 Bg7 8. d4
cxd4 9. Nxd4 a6 10. Be3 O-O 11. Nd2 b6 12. Rfd1 Bb7 13. f3 Rac8 14. Bf1 d5 15.
exd5 Nxd5 16. Bf2 Rfd8 17. Ne4 h6 18. Qb3 Nf4 19. Ne2 Ne6 20. Qb4 Bxe4 21. Qxe4
Ndc5 22. Qc4 Qb7 23. Nd4 Nf4 24. Nb3 Rxd1 25. Rxd1 Ncd3 26. Qe4 Qxe4 27. fxe4
Nxb2 28. Bxb6 Rxc3 29. Rd8+ Kh7 30. Bxa6 Nxa4 31. Bd4 Rxb3 32. Bxg7 Kxg7 33.
Rd7 Nc5 0-1

[Event "RA Fall op"]
[Site "Ottawa CAN"]
[Date "2022.09.25"]
[Round "5"]
[White "Latorre, Vincent"]
[Black "Balasooriya, Randika"]
[Result "1-0"]
[WhiteElo "2153"]
[BlackElo "1847"]
[PlyCount "97"]
[EventDate "2022.09.23"]
[EventType "swiss"]
[EventRounds "5"]
[EventCountry "CAN"]

1. e4 c5 2. Nf3 g6 3. c3 Nf6 4. e5 Nd5 5. d4 cxd4 6. Qxd4 e6 7. Bc4 Nc6 8. Qe4
f5 9. Qe2 Nb6 10. Bg5 Be7 11. Bxe7 Qxe7 12. Nbd2 d5 13. exd6 Qxd6 14. O-O e5
15. Rfe1 e4 16. Rad1 Qf6 17. Nd4 Nxd4 18. cxd4 Bd7 19. Nf3 O-O-O 20. Ne5 Be6
21. b3 Rd6 22. a4 Rhd8 23. Qb2 Bxc4 24. bxc4 Nxa4 25. Qa1 Ra6 26. Rd2 Nc5 27.
Qb2 Nd3 28. Nxd3 Qxd4 29. Nc5 Qxc5 30. Rxd8+ Kxd8 31. Qh8+ Kc7 32. Qxh7+ Kb8
33. Rd1 Rc6 34. Qg8+ Rc8 35. Qxg6 e3 36. fxe3 Qxe3+ 37. Kh1 Qc5 38. h3 f4 39.
Rf1 Qxc4 40. Qd6+ Qc7 41. Qxf4 Qxf4 42. Rxf4 a5 43. g4 Rc1+ 44. Kg2 b5 45. Rf5
Rb1 46. g5 Rb2+ 47. Rf2 Rb4 48. g6 Rc4 49. g7 1-0

[Event "RA Fall op"]
[Site "Ottawa CAN"]
[Date "2022.09.25"]
[Round "5"]
[White "Qin, Joey"]
[Black "Cortes Orihuela, Javier"]
[Result "1-0"]
[WhiteElo "2492"]
[BlackElo "2253"]
[PlyCount "83"]
[EventDate "2022.09.23"]
[EventType "swiss"]
[EventRounds "5"]
[EventCountry "CAN"]

1. e4 e5 2. Nf3 Nc6 3. Bc4 Nf6 4. d3 Be7 5. O-O d6 6. a4 Bg4 7. Nbd2 O-O 8. c3
d5 9. exd5 Nxd5 10. Re1 Nf4 11. Ne4 Ng6 12. h3 Bd7 13. b4 h6 14. Qb3 Be8 15.
Be3 Kh7 16. a5 b6 17. g4 f5 18. gxf5 Rxf5 19. Nh2 Nf4 20. Kh1 Bd7 21. Rg1 Nxh3
22. Rg3 Nf4 23. Rf3 Bf8 24. d4 Qh4 25. Ng3 Rf6 26. Ne4 Rg6 27. Bxf4 exf4 28.
Bf7 Rg4 29. Be6 Bxe6 30. Qxe6 Rg6 31. Qf5 Ne7 32. Qe5 Nc6 33. Qxc7 Re8 34. Re1
Rge6 35. Rxf4 Qh5 36. Rg4 R8e7 37. Qg3 Kh8 38. axb6 axb6 39. f3 Ra7 40. Rg1 Ra2
41. Rf4 Qe8 42. d5 1-0

[Event "RA Fall op"]
[Site "Ottawa CAN"]
[Date "2022.09.25"]
[Round "5"]
[White "Sharma, Vishruth"]
[Black "Rusonik, Max"]
[Result "0-1"]
[WhiteElo "2165"]
[BlackElo "2279"]
[PlyCount "92"]
[EventDate "2022.09.23"]
[EventType "swiss"]
[EventRounds "5"]
[EventCountry "CAN"]

1. e4 c5 2. Nf3 d6 3. d4 cxd4 4. Nxd4 Nf6 5. Nc3 a6 6. f3 e5 7. Nb3 Be7 8. Be3
Be6 9. Qd2 h5 10. Nd5 Bxd5 11. exd5 Nbd7 12. O-O-O Qc7 13. Kb1 Nb6 14. Qa5 Rc8
15. c3 Bd8 16. Bxb6 Qxb6 17. Qxb6 Bxb6 18. Nd2 Nh7 19. Nc4 Bc7 20. a4 O-O 21.
b4 Nf6 22. Kb2 Nd7 23. Kb3 f5 24. Be2 g6 25. a5 Rf6 26. Nd2 Kf7 27. c4 Ke7 28.
Ka4 Bb8 29. Nb3 Ba7 30. Rc1 Be3 31. Rc3 f4 32. Rd1 g5 33. Ka3 Rff8 34. Bd3 Kf6
35. Rc2 g4 36. Be4 Kg5 37. Rd3 b6 38. axb6 Bxb6 39. Ka4 a5 40. Nxa5 Ra8 41. Kb5
Bxa5 42. bxa5 Nc5 43. Ra3 Rfb8+ 44. Kc6 Ra6+ 45. Kc7 Rb7+ 46. Kc8 Ra8# 0-1

[Event "RA Fall op"]
[Site "Ottawa CAN"]
[Date "2022.09.25"]
[Round "5.1"]
[White "Rodrigue-Lemieux, Shawn"]
[Black "Liang, Jason"]
[Result "1/2-1/2"]
[WhiteElo "2543"]
[BlackElo "2515"]
[PlyCount "80"]
[EventDate "2022.09.23"]
[EventType "swiss"]
[EventRounds "5"]
[EventCountry "CAN"]

1. e4 c6 2. d4 d5 3. exd5 cxd5 4. Bd3 Nc6 5. c3 Nf6 6. h3 e5 7. dxe5 Nxe5 8.
Bb5+ Bd7 9. Bxd7+ Qxd7 10. Nf3 Nxf3+ 11. Qxf3 Bc5 12. O-O O-O 13. Nd2 Rfe8 14.
Nb3 Bb6 15. Bg5 Ne4 16. Be3 Bxe3 17. Qxe3 Nd6 18. Qc5 Nc4 19. Rad1 Nxb2 20.
Rxd5 Qa4 21. Qb4 b6 22. Rd4 Qxb4 23. cxb4 a6 24. Rc1 Rac8 25. Rxc8 Rxc8 26. Rd7
g6 27. Ra7 Rc4 28. Rxa6 Rxb4 29. Kf1 Nd3 30. g3 h5 31. Ra8+ Kg7 32. Rd8 Ne5 33.
Rd4 Rxd4 34. Nxd4 Nd3 35. Nb3 Kf6 36. a4 Ke5 37. a5 bxa5 38. Nxa5 Kd5 39. Nb3
h4 40. Ke2 hxg3 1/2-1/2

[Event "RA Fall op"]
[Site "Ottawa CAN"]
[Date "2022.09.25"]
[Round "5.2"]
[White "Sambuev, Bator"]
[Black "Chiku-Ratte, Olivier-Kenta"]
[Result "1/2-1/2"]
[WhiteElo "2524"]
[BlackElo "2458"]
[PlyCount "148"]
[EventDate "2022.09.23"]
[EventType "swiss"]
[EventRounds "5"]
[EventCountry "CAN"]

1. d4 d5 2. c4 dxc4 3. e3 Nf6 4. Bxc4 e6 5. Nf3 c5 6. O-O a6 7. a4 Nc6 8. Qe2
cxd4 9. Rd1 d3 10. Bxd3 Qc7 11. Na3 Be7 12. Nc4 O-O 13. e4 e5 14. Be3 Bg4 15.
Rac1 Nd7 16. h3 Bh5 17. g4 Bg6 18. h4 h5 19. Ng5 hxg4 20. Qxg4 Nf6 21. Qg2 Bh5
22. f3 Kh8 23. Bb6 Qb8 24. Bf2 Nd7 25. Qh3 Qe8 26. Bf1 Nc5 27. Nb6 Rd8 28. Rxd8
Qxd8 29. Rxc5 Qxb6 30. Rxe5 Qxb2 31. Rd5 Qb3 32. Ne6 fxe6 33. Rxh5+ Kg8 34. Kg2
g6 35. Qg4 Qxf3+ 36. Qxf3 Rxf3 37. Kxf3 gxh5 38. Kf4 Kf7 39. Be2 Kg6 40. Be1
Bd6+ 41. Ke3 Bc5+ 42. Kf4 e5+ 43. Kg3 Nd4 44. Bd1 b5 45. axb5 axb5 46. Bc3 Nc6
47. Bd2 Bf8 48. Be3 Bh6 49. Bc5 Bd2 50. Kf2 Bc3 51. Ke2 Bb4 52. Bb6 Be7 53. Bf2
Bf6 54. Kd3 Nd4 55. Kc3 Ne6 56. Be2 Nd4 57. Bd1 Nc6 58. Be2 b4+ 59. Kc4 Nd4 60.
Bd1 Be7 61. Bxd4 exd4 62. Kxd4 Bxh4 63. Ke3 Bg3 64. Kf3 Be5 65. Kg2 Kg5 66. Kh1
Kf4 67. Bxh5 b3 68. Bd1 b2 69. Bc2 Ke3 70. Kg2 Kd2 71. Bb1 Kc1 72. Bd3 Kd2 73.
Bb1 Kc1 74. Bd3 Kd2 1/2-1/2

[Event "RA March op"]
[Site "Ottawa CAN"]
[Date "2022.03.04"]
[Round "1"]
[White "Adam, Rafael"]
[Black "Nunez-Painchaud, Raphael"]
[Result "1/2-1/2"]
[WhiteElo "1979"]
[BlackElo "2250"]
[PlyCount "130"]
[EventDate "2022.03.04"]
[EventType "swiss"]
[EventRounds "5"]
[EventCountry "CAN"]

1. d4 Nf6 2. c4 e6 3. g3 d5 4. Nf3 Bb4+ 5. Bd2 Be7 6. Bg2 O-O 7. O-O c6 8. Qc2
b6 9. cxd5 cxd5 10. Rc1 Na6 11. Bf4 Bb7 12. Nc3 Rc8 13. Qb3 Nh5 14. Bd2 Nb4 15.
Ne5 Nc6 16. Nxc6 Bxc6 17. Rc2 Qd7 18. Rac1 Nf6 19. Bg5 h6 20. Bxf6 Bxf6 21. e3
Be7 22. Bf1 h5 23. Ba6 Bb7 24. Qb5 Qxb5 25. Bxb5 Bd6 26. Be2 g6 27. Nb5 Rxc2
28. Rxc2 Bb8 29. Kf1 Rc8 30. Rxc8+ Bxc8 31. Nc3 Kf8 32. Bb5 Ke7 33. Ke2 Bb7 34.
Kd3 Bd6 35. Ne2 a6 36. Ba4 b5 37. Bc2 a5 38. Kd2 Bc6 39. Bd3 Kf6 40. Nc3 b4 41.
Ne2 Ke7 42. Nc1 Be8 43. Nb3 Bc7 44. Ba6 h4 45. Nc5 g5 46. Bd3 f6 47. Bc2 Bb6
48. Nb3 Kd6 49. g4 e5 50. Bd3 a4 51. dxe5+ fxe5 52. Nc1 Bd7 53. h3 Bc7 54. f3
Bc6 55. Ne2 Kc5 56. b3 axb3 57. axb3 e4 58. fxe4 dxe4 59. Bc4 Be5 60. Ng1 Bd7
61. Ke2 Bc3 62. Kf2 Kd6 63. Ne2 Ke5 64. Nc1 Bb2 65. Ne2 Kd6 1/2-1/2

[Event "RA March op"]
[Site "Ottawa CAN"]
[Date "2022.03.04"]
[Round "1"]
[White "Ghasi, Ameet"]
[Black "Petrovic, Milos"]
[Result "1-0"]
[WhiteElo "2518"]
[BlackElo "2054"]
[PlyCount "77"]
[EventDate "2022.03.04"]
[EventType "swiss"]
[EventRounds "5"]
[EventCountry "CAN"]

1. Nf3 Nf6 2. g3 e6 3. Bg2 d5 4. O-O Bd6 5. d3 O-O 6. Nbd2 c5 7. e4 Nc6 8. Re1
dxe4 9. dxe4 e5 10. c3 Be6 11. Ng5 Bg4 12. Qc2 h6 13. Ngf3 Qe7 14. Nc4 Bc7 15.
Ne3 Rad8 16. Nxg4 Nxg4 17. Nh4 Nf6 18. Be3 b6 19. Nf5 Qd7 20. Rad1 Qe6 21. Qa4
Na5 22. Bf1 c4 23. Qc2 Ng4 24. Bc1 b5 25. Bh3 h5 26. Bxg4 hxg4 27. Qe2 g6 28.
Qxg4 Rxd1 29. Rxd1 Rd8 30. Re1 Rd3 31. Bg5 Bd8 32. h4 Bxg5 33. Qxg5 Nc6 34. h5
b4 35. Kg2 bxc3 36. bxc3 Rd7 37. Rh1 Ne7 38. hxg6 Nxg6 39. Rh8+ 1-0

[Event "RA March op"]
[Site "Ottawa CAN"]
[Date "2022.03.04"]
[Round "1"]
[White "Hansen, Troy"]
[Black "Jaferian, Koosha"]
[Result "0-1"]
[WhiteElo "2009"]
[BlackElo "2392"]
[PlyCount "94"]
[EventDate "2022.03.04"]
[EventType "swiss"]
[EventRounds "5"]
[EventCountry "CAN"]

1. e4 c6 2. d4 d5 3. e5 Bf5 4. Bd3 Bxd3 5. Qxd3 e6 6. Ne2 Ne7 7. O-O Nd7 8. Ng3
c5 9. c3 Nc6 10. Nd2 Be7 11. f4 cxd4 12. cxd4 Nxd4 13. Kh1 Nc6 14. a3 g6 15.
Nf3 Rc8 16. Be3 Bc5 17. Bd2 a6 18. Ne2 Be7 19. b4 Nb6 20. Be3 Nc4 21. Bg1 Qd7
22. Rae1 h5 23. Rc1 b5 24. Ned4 Nxd4 25. Nxd4 O-O 26. Nb3 Kg7 27. Nc5 Qc6 28.
Bd4 a5 29. g4 hxg4 30. Rg1 axb4 31. axb4 Rh8 32. Rxg4 Rh5 33. Rcg1 Rch8 34.
R1g2 Rf5 35. Qg3 Rh6 36. Ra2 Bxc5 37. bxc5 b4 38. Qb3 Qb5 39. Qa4 Qb8 40. Qb3
Rfh5 41. Kg1 Rh3 42. Rg3 Rxg3+ 43. hxg3 Qh8 44. Rg2 Rh1+ 45. Kf2 Qh5 46. c6 Nd2
47. g4 Qh4+ 0-1

[Event "RA March op"]
[Site "Ottawa CAN"]
[Date "2022.03.04"]
[Round "1"]
[White "Labib, Daniel"]
[Black "Demchenco, Svitlana"]
[Result "1/2-1/2"]
[WhiteElo "2006"]
[BlackElo "2268"]
[PlyCount "47"]
[EventDate "2022.03.04"]
[EventType "swiss"]
[EventRounds "5"]
[EventCountry "CAN"]

1. d4 d5 2. Nf3 e6 3. e3 Nf6 4. Bd3 Bd6 5. O-O O-O 6. b3 c5 7. Bb2 Nbd7 8. Ne5
b6 9. f4 Bb7 10. Nxd7 Nxd7 11. dxc5 Bxc5 12. Bxh7+ Kxh7 13. Qh5+ Kg8 14. Bxg7
Kxg7 15. Qg4+ Kh7 16. Rf3 Qf6 17. Rh3+ Qh6 18. Rxh6+ Kxh6 19. Qg5+ Kh7 20. Qh5+
Kg7 21. Qg5+ Kh7 22. Qh5+ Kg7 23. Qg5+ Kh7 24. Qh5+ 1/2-1/2

[Event "RA March op"]
[Site "Ottawa CAN"]
[Date "2022.03.04"]
[Round "1"]
[White "Latorre, Vincent"]
[Black "Liang, Jason"]
[Result "0-1"]
[WhiteElo "2021"]
[BlackElo "2431"]
[PlyCount "96"]
[EventDate "2022.03.04"]
[EventType "swiss"]
[EventRounds "5"]
[EventCountry "CAN"]

1. e4 c5 2. Nf3 e6 3. Nc3 Nc6 4. d4 cxd4 5. Nxd4 Qc7 6. Be3 a6 7. f3 Be7 8. Qd2
Nf6 9. O-O-O b5 10. Qf2 O-O 11. Kb1 Bb7 12. g4 Nxd4 13. Bxd4 Rac8 14. h4 b4 15.
Na4 d5 16. e5 Nd7 17. Re1 Bc6 18. Nb6 Nxb6 19. Bxb6 Qb7 20. Bd4 Bb5 21. f4 Qc6
22. f5 Bc5 23. Rh2 Bxd4 24. Qxd4 Bxf1 25. Rxf1 Qb5 26. Rhf2 Rc4 27. Qa7 Qc6 28.
fxe6 Qxe6 29. Rxf7 Rxf7 30. Rxf7 Rxg4 31. Rf1 h6 32. Qb8+ Kh7 33. Qd6 Qxd6 34.
exd6 Rg6 35. d7 Rd6 36. Rd1 Rxd7 37. c4 bxc3 38. bxc3 Kg6 39. c4 Rb7+ 40. Kc2
dxc4 41. Kc3 Kh5 42. Kxc4 Kxh4 43. Rd6 a5 44. Ra6 Rb4+ 45. Kc3 Rb5 46. a4 Rg5
47. Rb6 h5 48. Rb5 Kg4 0-1

[Event "RA March op"]
[Site "Ottawa CAN"]
[Date "2022.03.04"]
[Round "1"]
[White "Oancea, Nicolae"]
[Black "Chiku-Ratte, Olivier-Kenta"]
[Result "0-1"]
[WhiteElo "1721"]
[BlackElo "2480"]
[PlyCount "71"]
[EventDate "2022.03.04"]
[EventType "swiss"]
[EventRounds "5"]
[EventCountry "CAN"]

1. e4 c5 2. Be2 Nc6 3. f4 d6 4. Nf3 g6 5. d3 Bg7 6. c3 Nf6 7. O-O c4 8. Na3
cxd3 9. Bxd3 O-O 10. Qe1 Nd7 11. f5 Nde5 12. Nxe5 Nxe5 13. Be2 d5 14. fxg6 hxg6
15. exd5 Qxd5 16. Qh4 Bf6 17. Qg3 Qe4 18. Bf4 Qxe2 19. Rae1 Qxb2 20. Bxe5 Bxe5
21. Rxe5 Qxa3 22. Rfe1 Qd6 23. Qg5 Qf6 24. Qe3 Qb6 25. Rc5 Be6 26. Kh1 Rac8 27.
Rxc8 Rxc8 28. Qg5 Qf2 29. Rd1 Qf6 30. Qa5 Qxc3 31. Qxa7 Bg4 32. Rg1 Bf3 33. Qf2
Bd5 34. Qh4 Qd2 35. h3 Rc1 36. Rxc1 0-1

[Event "RA March op"]
[Site "Ottawa CAN"]
[Date "2022.03.04"]
[Round "1"]
[White "Pace, Christopher"]
[Black "Shi, Michael"]
[Result "1/2-1/2"]
[WhiteElo "2267"]
[BlackElo "1999"]
[PlyCount "37"]
[EventDate "2022.03.04"]
[EventType "swiss"]
[EventRounds "5"]
[EventCountry "CAN"]

1. d4 d5 2. c4 e6 3. Nc3 Nf6 4. cxd5 exd5 5. Qc2 Bb4 6. Nf3 O-O 7. Bg5 h6 8.
Bh4 c5 9. O-O-O Bxc3 10. Qxc3 c4 11. Nd2 Nc6 12. f3 b5 13. e4 dxe4 14. Bxf6
Qxf6 15. d5 Qxc3+ 16. bxc3 e3 17. Nxc4 bxc4 18. dxc6 Be6 19. Rd4 1/2-1/2

[Event "RA March op"]
[Site "Ottawa CAN"]
[Date "2022.03.04"]
[Round "1"]
[White "Plotkin, Victor"]
[Black "Simic, Dusan"]
[Result "1-0"]
[WhiteElo "2422"]
[BlackElo "2016"]
[PlyCount "37"]
[EventDate "2022.03.04"]
[EventType "swiss"]
[EventRounds "5"]
[EventCountry "CAN"]

1. e4 Nf6 2. e5 Nd5 3. d4 d6 4. Nf3 Bg4 5. Be2 g6 6. h3 Bf5 7. O-O Bg7 8. c4
Nb6 9. Nc3 O-O 10. g4 Bd7 11. c5 Nc8 12. Bf4 Nc6 13. Qd2 b6 14. Rfd1 Be8 15.
Qe3 d5 16. e6 f6 17. Nb5 Nd6 18. cxd6 exd6 19. Rac1 1-0

[Event "RA March op"]
[Site "Ottawa CAN"]
[Date "2022.03.04"]
[Round "1"]
[White "Rodrigue-Lemieux, Shawn"]
[Black "Zhu, Matthew"]
[Result "1-0"]
[WhiteElo "2457"]
[BlackElo "2026"]
[PlyCount "63"]
[EventDate "2022.03.04"]
[EventType "swiss"]
[EventRounds "5"]
[EventCountry "CAN"]

1. c4 c5 2. g3 g6 3. Bg2 Bg7 4. Nc3 Nc6 5. Nf3 d6 6. O-O Bf5 7. h3 e5 8. Ne1
Qd7 9. Kh2 Nge7 10. Nc2 Be6 11. Ne3 O-O 12. d3 f5 13. Ned5 Nb4 14. Nxe7+ Qxe7
15. a3 Nc6 16. Nd5 Bxd5 17. Bxd5+ Kh8 18. Rb1 Qd7 19. b4 cxb4 20. axb4 Ne7 21.
Bg2 f4 22. g4 d5 23. b5 Rad8 24. Ba3 dxc4 25. dxc4 Qc7 26. Qb3 f3 27. exf3 e4+
28. Kg1 Rd3 29. Qb4 Rf7 30. fxe4 Bc3 31. Bb2 Qe5 32. Rbd1 1-0

[Event "RA March op"]
[Site "Ottawa CAN"]
[Date "2022.03.04"]
[Round "1"]
[White "Van Rooy, Jake"]
[Black "Sambuev, Bator"]
[Result "0-1"]
[WhiteElo "2066"]
[BlackElo "2556"]
[PlyCount "60"]
[EventDate "2022.03.04"]
[EventType "swiss"]
[EventRounds "5"]
[EventCountry "CAN"]

1. e4 e6 2. d3 c5 3. Nf3 Nc6 4. c3 d5 5. Qe2 d4 6. g3 b6 7. Bg2 dxc3 8. O-O c2
9. Na3 Nb4 10. Ne1 Ba6 11. e5 Rc8 12. Be4 f5 13. exf6 Nxf6 14. Naxc2 Nxe4 15.
Nxb4 cxb4 16. Qxe4 Qd7 17. Be3 Be7 18. Qd4 Qxd4 19. Bxd4 O-O 20. Rd1 Rfd8 21.
Be3 Rd5 22. Kg2 Ra5 23. Ra1 Bf6 24. Bc1 b3 25. a3 Rac5 26. Nf3 Bb7 27. g4 Be7
28. Kg3 Bd6+ 29. Bf4 Bxf4+ 30. Kxf4 Rf8+ 0-1